Normal view
MARC view
Entry Topical Term
001 - CONTROL NUMBER
- control field: 1509779
003 - CONTROL NUMBER IDENTIFIER
- control field: NLI
005 - DATE AND TIME OF LATEST TRANSACTION
- control field: 20240417140807.0
008 - FIXED-LENGTH DATA ELEMENTS
- fixed length control field: 240417|| aca||aabn | a|a d
040 ## - CATALOGING SOURCE
- Original cataloging agency: NLI
- Transcribing agency: NLI
150 ## - HEADING--TOPICAL TERM
- Topical term or geographic name entry element: Vikings
- Geographic subdivision: Russia
670 ## - SOURCE DATA FOUND
- Source citation: Work cat.: (NLI)1604536: Katona, Csete, author. 1509778, Vikings of the steppe :, 2023.
